| 000 | 00498nam a2200193Ia 4500 | ||
|---|---|---|---|
| 005 | 20260429112228.0 | ||
| 008 | 260429s9999||||xx |||||||||||||| ||und|| | ||
| 020 | _a9789362243447 | ||
| 041 | _aEnglish | ||
| 082 |
_a306.44 _bJOS |
||
| 100 | _aJoshi, Vivek | ||
| 245 | 0 |
_aSociolinguistics / _cVivek Joshi |
|
| 260 |
_aNew Delhi : _bDiscovery Publishing House, _c2025. |
||
| 300 | _a268 p.; hb | ||
| 650 | _a Culture | ||
| 650 | _a Sociolinguistics | ||
| 650 | _aSocial science | ||
| 942 | _cTB | ||
| 999 |
_c53005 _d53005 |
||